[Event "Dhaka"]
[Site "Dhaka"]
[Date "1995.??.??"]
[Round "12"]
[White "Serper, Grigory"]
[Black "Gunawan, Ruben"]
[Result "1-0"]
[WhiteElo "2585"]
[BlackElo "2430"]
[Annotator "Stohl,I"]
[PlyCount "41"]
[EventDate "1995.??.??"]
[EventType "tourn"]
[EventRounds "13"]
[EventCountry "BAN"]
[EventCategory "9"]
[SourceTitle "CBM 048"]
[Source "ChessBase"]
[SourceDate "1995.10.01"]
[SourceVersion "1"]
[SourceVersionDate "1995.10.01"]
[SourceQuality "1"]

1. c4 g6 2. e4 c5 3. Nf3 Bg7 4. d4 Nc6 5. dxc5 (5. d5 Nd4 6. Nxd4 Bxd4 7. Be2
e5 8. O-O d6 9. Nd2 Nf6 10. h3 h5 11. Bd3 Ng4 $2 12. Nf3 Qe7 13. Nxd4 exd4 14.
hxg4 hxg4 15. g3 f5 16. exf5 Qh7 17. Re1+ Kf8 18. Be4 $18 {Sher,M-Meyer,H/
Geneva op/1995/}) 5... Qa5+ 6. Nfd2 $5 (6. Nc3 $5 Nf6 (6... Bxc3+ 7. bxc3 Qxc5
(7... Qxc3+ 8. Bd2 $36) 8. Be3 $13) 7. Bd3 (7. Bd2 Qxc5 8. Be2 O-O 9. O-O Qb6
10. Rb1 d6 11. Be3 Qa5 12. Nd4 Nxd4 13. Bxd4 Be6 14. b4 Qd8 15. f3 Nd7 16. Bxg7
Kxg7 17. Qd4+ f6 18. Rfc1 Qb6 19. c5 dxc5 20. bxc5 Qxc5 21. Nb5 Qb6 22. Qxb6
axb6 23. Nc7 Bxa2 24. Nxa8 Bxb1 25. Nxb6 Nxb6 {1/2-1/2 Cvetkovic,Sr-Ivanovic,B/
JUG-ch 1990}) 7... O-O 8. O-O Qxc5 9. h3 d6 10. Be3 Qa5 11. a3 Be6 12. b4 Qc7
13. Rc1 Rac8 14. Nd5 Qb8 15. b5 Bxd5 16. cxd5 Na5 17. Qa4 b6 18. Nd4 Nd7 19.
Nc6 Nxc6 20. bxc6 Nc5 21. Qc2 $16 {Velicka,P-Rumjancev,G/Budejovice op/1993/})
6... Qxc5 (6... Nd4 7. Nc3 (7. Bd3 Qxc5 8. O-O d6 9. Nc3 Nf6 10. Nb3 Nxb3 11.
axb3 a6 12. Be3 Qc7 13. Qe2 O-O 14. h3 Bd7 15. f4 Bc6 16. b4 e6 17. Rac1 Rfe8
18. Rfd1 b6 19. b5 Bb7 20. Qf2 Nd7 21. bxa6 Bxa6 22. b4 Rec8 23. Na4 Rcb8 24.
Nc3 Rc8 25. Na4 Rcb8 $132 {1/2-1/2 Ivanov,T-Ivanov,Ale/Vladivostok op (02) 1995
}) 7... Qxc5 8. Nb3 Nxb3 9. axb3 Nf6 10. Be2 d6 11. O-O a6 12. Be3 Qc7 13. Qd2
O-O 14. Rac1 Bd7 15. Rfd1 Rfc8 16. b4 a5 17. bxa5 Qxa5 18. c5 $1 Ba4 19. Nxa4
Qxa4 20. cxd6 Nxe4 21. d7 $16 {[%csl Gd7] o^d,Szekely,P-Knezevic,B/Paris op/
1995/}) 7. Nb3 Qb6 8. Be2 (8. c5 $6 Qd8 {[%csl Gd4,Gd5,Ge4,Ge5][%cal Yb7b6]
followed by b6 and counterplay in the center.}) 8... d6 9. O-O Qd8 (9... Be6
10. Be3 Qc7 11. Qd2 Nf6 12. f3 O-O 13. Nc3 Rfc8 14. Nd5 Qd8 15. Rac1 Nd7 16. f4
a5 17. Kh1 a4 18. Nd4 Nc5 19. Bf3 Bxd5 20. cxd5 Nxd4 21. Bxd4 Qa5 22. Qxa5 Rxa5
23. e5 b6 24. Be2 f5 25. Rfd1 Bh6 $132 {Olafsson,F-Larsen,B/Buenos Aires/1990/}
) 10. Nc3 $14 {[%csl Gc4,Ge4] ()} Bxc3 $6 {[%csl Ra1,Rb2,Rc1,Rc3,Rd2,Rd4,Re3,
Re5,Rf4,Rf6,Rg5,Rg7,Rh6] גa1-h8,c1-h6, a very risky decision, more solid was}
(10... Nf6 11. Bg5 O-O 12. Qd2 $14) 11. bxc3 Nf6 12. Bh6 $1 $36 (12. f3 $6 {
is too passive-} Be6 13. Bh6 Nd7 $132) 12... Nxe4 (12... Be6 $142 13. Nd4 (13.
c5 $5 $36) 13... Qd7 {/\ 0-0-0}) 13. Bf3 Nxc3 $6 (13... Nf6 14. Bg7 Rg8 15.
Bxf6 exf6 16. Re1+ $40) (13... Bf5 $2 14. g4 Nxc3 15. Qe1 $18) (13... Nc5 14.
Nxc5 dxc5 15. Qe2 $36) (13... f5 $142 $5 14. Qe2 $44) 14. Bxc6+ bxc6 15. Qf3
Na4 $8 16. Rfe1 {[%cal Rh6g5] /\Bg5+-} Qc7 (16... Nb6 17. Nd4 $1 Bd7 18. Bg5
$18 {[%csl Re7] ><e7}) 17. c5 $1 Be6 (17... Nxc5 18. Nxc5 dxc5 19. Qf6 Rg8 20.
Rxe7+ $1 Qxe7 21. Qxc6+ $40 {[%csl Re8] עe8,->^-}) 18. Qf4 $18 Nb6 (18... Nc3
19. Qd4 $18) 19. cxb6 axb6 (19... Qxb6 20. Nd4 {[%csl Rd6,Re6][%cal Yd4e6,
Yf4d6] /\ Ne6,Qd6}) 20. Nd4 Bd5 (20... Bd7 21. Qf6 $18) (20... Bc8 21. Qf6 Rg8
22. Nxc6 $18) 21. Nb5 $1 {[%cal Rb5c7,Rb5d6]} (21. Nb5 cxb5 $8 22. Qd4 O-O-O
23. Qxd5 $18 {[%cal Ra1c1,Rd5b5,Rd5f7] /\ Rac1,Qf7,Qb5}) 1-0

[Event "Rubinstein Memorial 36th"]
[Site "Polanica Zdroj"]
[Date "1999.08.21"]
[Round "5"]
[White "Khenkin, Igor"]
[Black "Bunzmann, Dimitrij"]
[Result "1/2-1/2"]
[WhiteElo "2633"]
[BlackElo "2596"]
[Annotator "Stohl,I"]
[PlyCount "59"]
[EventDate "1999.08.17"]
[EventType "tourn"]
[EventRounds "9"]
[EventCountry "POL"]
[EventCategory "15"]
[SourceTitle "CBM 073"]
[Source "ChessBase"]
[SourceDate "1999.12.01"]
[SourceVersion "1"]
[SourceVersionDate "1999.12.01"]
[SourceQuality "1"]

1. d4 e6 2. c4 b6 {This line is becoming increasingly popular lately, with
people like Shabalov, Bunzmann and Hodgson playing it quite often others
follow suit. To gain something from the opening White must go for the sharp
lines, and this is sometimes against the nature of players who enjoy nursing a
slight edge without any risk.} 3. e4 (3. a3 {is getting out of fashion as too
slow:} Bb7 4. Nc3 f5 5. d5 Be7 $5 6. g3 Bf6 7. Bd2 (7. Bg2 $6 Bxc3+ 8. bxc3 Nf6
9. Nh3 O-O 10. O-O Na6 11. a4 Nc5 12. a5 Nfe4 13. Ba3 Re8 14. f3 Nf6 15. Bxc5
bxc5 16. e4 exd5 17. exd5 Ba6 18. Qd3 Qe7 19. Qxf5 Bxc4 20. Rfd1 Qe3+ 21. Kh1
Re5 $17 {Milov,V-Bunzmann,D/Polanica Zdroj/1999/}) 7... c6 $1 8. dxe6 dxe6 9.
Bg2 Nd7 10. Nh3 Ne5 11. b3 Qd7 12. O-O O-O-O 13. Bg5 h6 14. Qxd7+ Rxd7 15. Bxf6
Nxf6 16. Rfd1 Re8 17. Rxd7 Nexd7 18. Nf4 g5 19. Nd3 Rd8 20. e4 {Gabriel,
C-Bunzmann,D/BL 9798/1998/} c5 $11) 3... Bb7 4. Bd3 ({Another ambitious
alternative is} 4. Nc3 Bb4 5. f3 f5 6. exf5 exf5 7. Nh3 (7. Qe2+ Qe7 8. Bg5
Bxc3+ 9. bxc3 Qxe2+ 10. Nxe2 Nc6 11. Nc1 h6 12. Bh4 g5 13. Bg3 O-O-O 14. Bd3 f4
15. Bf2 Nf6 16. Nb3 a5 17. O-O-O Ba6 18. Rhe1 Rde8 19. Nd2 Rxe1 20. Rxe1 Re8
21. Rh1 Kd8 22. Kc2 d6 23. g4 Ke7 24. h4 $14 {[%csl Gd3,Gf2] _|_,^^,Seirawan,
Y-Gulko,B/USA-ch Salt Lake City /1999/}) (7. Qd3 Qe7+ 8. Nge2 d5 9. cxd5 Nf6
10. Qxf5 Nbd7 11. Qe6 Nxd5 12. Qxe7+ Bxe7 13. Nxd5 Bxd5 14. Nc3 Bh4+ 15. Kd1
Bb7 16. Nb5 O-O-O 17. Nxa7+ Kb8 18. Nb5 Rhe8 19. Kc2 Nf6 20. g3 Bxf3 21. Rg1
Re1 22. gxh4 Nd5 {Pelletier,Y-Tischbierek,R/Zuerich/1999/} 23. Nc3 Ne3+ 24.
Bxe3 Rxa1 25. Bd3 $18) 7... Nc6 8. Bg5 Nf6 9. Qe2+ Kf7 10. O-O-O Bxc3 11. bxc3
h6 12. Bh4 Qe7 13. Qb2 g5 14. Bf2 Na5 15. Re1 Qf8 16. Re5 f4 17. Rf5 Rg8 18.
Bd3 Ba6 19. Nxf4 gxf4 20. Bh4 Rg5 21. Bxg5 hxg5 22. h4 $1 $40 {Piket,J-Timman,
J/Wijk aan Zee/1999/}) (4. d5 Bb4+ 5. Bd2 Qe7 6. Bxb4 Qxb4+ 7. Qd2 Qxd2+ 8.
Nxd2 f5 9. O-O-O Nf6 10. f3 fxe4 11. Nxe4 O-O 12. Nxf6+ Rxf6 13. Ne2 exd5 14.
cxd5 Na6 15. Nc3 Re8 16. Bc4 Kf8 17. Rhe1 Rxe1 18. Rxe1 Nc5 19. Rd1 Rf4 20. Bf1
Ke7 21. Be2 Rh4 22. h3 a5 23. Kc2 g5 24. b3 Kd8 25. a3 h6 26. Bf1 Rf4 $11 {
Morovic Fernandez,I-Hergott,D/Linares MEX/1994/}) 4... f5 {The main line.} ({
A somewhat passive, but interesting alternative was shown by Bischoff:} 4...
Bb4+ 5. Bd2 Bxd2+ 6. Nxd2 Nh6 $5 7. Ngf3 O-O 8. O-O f6 9. Re1 Nf7 10. Nf1 Nc6
11. Rc1 Ne7 12. Ng3 Ng6 13. Qd2 c5 14. Bf1 Qc7 15. Red1 d6 16. d5 e5 17. Ne1
Bc8 18. Nd3 Nh6 19. Re1 Bd7 20. Be2 a5 $11 21. f4 $2 exf4 22. Nxf4 Nxf4 23.
Qxf4 Rae8 24. Bd3 Re5 25. Rf1 Qd8 $17 {Ellers,H-Bischoff,K/Schwerin/1999/}) 5.
exf5 Bb4+ 6. Kf1 Nf6 7. Nf3 {White gives up the idea of trapping the Bb4 and
aims simply to finish his development and make use of his extra pawn. Perhaps
this attempt will replace the double-edged 7.Be2!? line.} O-O 8. a3 Bd6 9. Nc3
Qe8 $1 $146 {[%mdl 8]} (9... exf5 $143 $6 10. Bxf5 Nc6 11. Bg5 $1 Qe8 12. Bxf6
Rxf6 13. Be4 Ba6 14. Qa4 Bb7 15. Re1 Qh5 16. Qb5 Qh6 17. Qg5 Raf8 18. Bd5+ Kh8
19. Ne4 Rf4 20. Qxh6 gxh6 21. Nxd6 cxd6 22. b4 a6 23. Re3 b5 24. cxb5 axb5 25.
g3 R4f5 26. Be4 Nxd4 27. Bxb7 Nxf3 28. Kg2 $16 {Sherbakov,R-Volzhin,A/Koszalin/
1999/}) (9... Nc6 10. Bg5 Ne7 11. fxe6 dxe6 12. Qe2 Qd7 13. Re1 h6 14. Bxf6
Rxf6 15. Ne4 Rf4 16. c5 bxc5 17. dxc5 Rxf3 18. cxd6 Rxd3 19. Qxd3 Qc6 20. Kg1
Nd5 21. h3 cxd6 22. Kh2 Rf8 23. f3 a5 24. Rd1 Rd8 25. Rhe1 Qe8 26. Qd2 $16 {
Goldin,A-Gofshtein,L/Rishon Le Zion/1998/}) 10. Bg5 {In the following
complications Black has little to fear.} (10. fxe6 $142 dxe6 11. Bg5 Nbd7 12.
Qe2) ({or} 10. Nb5 $5 {promise White more chances to achieve an advantage.})
10... exf5 11. Bxf5 (11. d5 Ne4 $132) 11... Qh5 $1 12. h4 (12. Bc2 Bxf3 13.
Qxf3 Qxg5 14. Qxa8 Nc6 $40 (14... Qd2 $17)) (12. Bxf6 Qxf5 $36) 12... h6 13.
Kg1 $1 {[%mdl 512] This piece sacrifice is more or less forced.} (13. Bxf6 Qxf5
14. Be5 Bxf3 15. Qxf3 Qxf3 16. gxf3 Bxe5 17. dxe5 Nc6 $17 {[%csl Rc4,Re5,Rf2,
Rf3,Rh4] ק}) 13... Bxf3 ({Not so clear, but nevertheless seemingly better was
} 13... hxg5 $5 14. hxg5 Bxf3 15. Qxf3 Qxg5 16. c5 $1 (16. Ne4 Qf4 $8 (16...
Nxe4 $2 17. Bh7+ Kh8 18. Bxe4+ Kg8 19. Bd5+ $18) 17. Qh3 (17. Nxf6+ Rxf6 18.
Bh7+ (18. Qxa8 Rxf5 19. Qxb8+ Rf8 $19) 18... Kf8 (18... Kf7 $5) 19. Bg6 Rxg6 (
19... Qxf3 $2 20. Rh8+ Ke7 21. Re8#) 20. Qxa8 c6 $19 {/\} 21. Rh8+ Kf7 22. Rxb8
Qh2+ 23. Kf1 Qxg2+) 17... Nxe4 18. Qh7+ Kf7 19. Bxe4 Ke8 $1 $17) (16. Qxa8 Qxf5
$17) 16... Nc6 ({/\} 16... bxc5 17. Ne4 Qf4 18. Nxf6+ Rxf6 19. Qxa8 Rxf5 20.
Qxb8+ Rf8 21. Qb3+ $16) 17. Bd3 Nxd4 18. Bc4+ Ne6 19. cxd6 cxd6 $13) 14. Qxf3
Qxf3 (14... hxg5 15. hxg5 {-13...hg5}) 15. gxf3 hxg5 16. hxg5 Ne8 $8 17. Bh7+
Kf7 18. Nd5 $44 {White's piece play just about suffices to compensate the
piece.} g6 (18... Nc6 $2 19. g6+ Ke6 20. Re1+ $18 {/\} Kf5 21. Rh5#) (18... Rh8
$6 19. Bg6+ Kxg6 20. Rxh8 c6 (20... Nc6 21. Re1 $16) 21. Nxb6 axb6 22. Rxe8 $14
{/+/-}) 19. Rh6 Kg7 (19... c6 $6 20. Bxg6+ Kg8 (20... Kg7 21. Ne3 $1 $40) 21.
Bxe8 cxd5 22. Rg6+ Kh7 23. Re1 $16) 20. Bxg6 Nc6 21. Rd1 Rd8 {Winning attempts
can be very risky for Black:} (21... Ne7 $2 22. Nxe7 Bxe7 23. Be4 {/\Rh7,Ba8})
(21... Rh8 22. Rxh8 Kxh8 23. f4 $44) (21... Rxf3 22. Be4 Rf7 (22... Rb3 23. Ne3
$36) 23. Rd3 $44) 22. Kg2 Ne7 23. Nxe7 Bxe7 24. Be4 Rh8 25. Rdh1 {Now either
both R will be exchanged, or White will have to give a perpetual.} ({Some slim
winning chances could have been preserved by} 25. Rxh8 Kxh8 26. f4 Nd6 27. Bd3
Kg7 28. Re1 $5 $14 (28. Kf3 Rh8 $132)) 25... Rxh6 26. Rxh6 Nd6 27. Rh7+ (27.
Bd3 Rh8 28. Rxh8 Kxh8 29. f4 Kg7 30. Kf3 a5 31. Kg4 Ne8 {/\} 32. Bf5 Nd6 $11)
27... Kf8 28. Rh8+ (28. g6 $2 Bf6 $17) 28... Kg7 29. Rh7+ Kf8 30. Rh8+ 1/2-1/2

[Event "Queens-Kings"]
[Site "Jinan"]
[Date "2002.07.25"]
[Round "4"]
[White "Zhu, Chen"]
[Black "Short, Nigel D"]
[Result "0-1"]
[WhiteElo "2505"]
[BlackElo "2682"]
[Annotator "Stohl,I"]
[PlyCount "128"]
[EventDate "2002.07.21"]
[EventType "schev"]
[EventRounds "4"]
[EventCountry "CHN"]
[SourceTitle "CBM 091"]
[Source "ChessBase"]
[SourceDate "2002.11.12"]
[SourceVersion "1"]
[SourceVersionDate "2002.11.12"]
[SourceQuality "1"]

1. d4 e6 2. c4 b6 3. a3 Ba6 $5 {Salov,V (2665)-Short,N (2690) Madrid 1997 (6)
1/2 This rare move is an old idea of Short, which he first played in 1978. He
has tried a similar idea more recently.} 4. e4 {Very logical, but perhaps not
the best.} ({The old game mentioned above went} 4. Qa4 Nf6 (4... f5 $5) 5. Nc3
Be7 6. Nf3 O-O 7. d5 Qc8 (7... c6 $142 $132) 8. e4 exd5 9. e5 $1 Ne8 10. Nxd5
Bd8 11. Bd3 c6 12. Nb4 Bb7 13. Qc2 h6 14. O-O a5 15. Na2 Na6 16. Be3 Nc5 17.
Bxc5 bxc5 18. Nc3 Nc7 19. Rad1 $16 {Botterill,G-Short,N/BCF-ch Ayr/1978/}) ({
Possibly better than the text is} 4. Qc2 $5 c6 (4... d5 5. cxd5 Qxd5 6. Nf3 c5
7. e4 Qb7 8. Bxa6 Qxa6 9. d5 exd5 10. exd5 Nf6 11. Bg5 Nbd7 12. Nc3 Bd6 13. Ne4
Nxe4 14. Qxe4+ Kf8 15. O-O-O Re8 16. Qg4 Re2 17. Rd2 Nf6 18. Bxf6 gxf6 19. Qh4
Rxd2 20. Kxd2 Kg7 21. Qg4+ Kf8 22. Re1 Rg8 {Malakhatko,V-Pilavov,G/Alushta/
2001/} 23. Qd7 Bf4+ 24. Kc3 $18) 5. Bf4 f5 6. g3 Nf6 7. Bg2 Be7 8. d5 cxd5 9.
cxd5 {Gershon,A-Djuric,S/EU-ch Ohrid/2001/} Bb7 10. Nc3 O-O 11. Nh3 Na6 12. O-O
$14) 4... d5 5. cxd5 (5. Nd2 dxc4 (5... c6 6. Ngf3 Nf6 7. Qc2 dxc4 8. Bxc4 Bxc4
9. Nxc4 Be7 10. O-O O-O 11. Rd1 Qc7 12. Bg5 Rd8 13. Rac1 $14 {(), Lytchak,
A-Bunzmann,D/GER-ch U20/1997/}) ({The simplest solution is} 5... dxe4 $5 6.
Nxe4 Bb7 $11 {with a position from the Rubinstein French, where White made the
rather useless moves a3 and c4, while Black has solved the development of his
Bc8.}) 6. Bxc4 (6. Nxc4 $142 Nf6 7. f3 Be7 $13) 6... b5 $1 7. Be2 Qxd4 8. Ngf3
Qd8 9. a4 b4 10. Bxa6 Nxa6 11. Qe2 Nc5 12. Ne5 a6 13. O-O Nf6 14. Rd1 Qc8 15.
Ng4 Nxg4 16. Qxg4 e5 17. Qe2 Qe6 18. Nc4 Be7 19. f3 Nb3 $17 {Hastings,
J-Ehlvest,J/Philadelphia/1993/}) 5... Bxf1 6. Kxf1 exd5 7. Qe2 $146 (7. e5 c5
8. Nc3 Nc6 9. Nf3 Nge7 10. dxc5 bxc5 {1/2, Rajkovic,D-Ivanisevic,I/Kladovo/
2001/} 11. Nb5 Ng6 12. Qxd5 Qxd5 13. Nc7+ Kd7 14. Nxd5 Ngxe5 $11) 7... Be7 (
7... Ne7 8. exd5 Qxd5 9. Nf3 c6 10. Nc3 $32 {+/=}) 8. Nc3 {Now Black will
overcome any opening problems.} ({More ambitious, but unclear was} 8. e5 Qd7
$13 {[%cal Yb8c6,Yc6d8,Yd8e6] /\Nc6-d8-e6}) 8... dxe4 9. Qxe4 c6 10. Bg5 $1 {
A natural attempt to disrupt Black's development, otherwise only White can
have problems.} (10. Nf3 $143 Nf6 11. Qe2 O-O $11 {/=/+}) 10... h6 11. Bxe7
Nxe7 12. Re1 (12. Nf3 O-O 13. Re1 Re8 14. Ne5 Qc8 $5 $11 {/\Nd7}) 12... Kf8 $1
(12... Nd7 $2 13. Qxc6 $16) 13. Nf3 Nd7 14. g3 (14. Ne5 Nxe5 15. dxe5 Qd2 $5
16. e6 Rd8 17. exf7 Qd3+ $11) 14... Nf6 15. Qc2 (15. Qe2 Qd6 16. Kg2 g6 {
/\Re8,Kg7=}) 15... g6 16. Kg2 Kg7 $11 {Both sides have castled artificially
and with both ><d4 and ><c6 weak the position is balanced.} 17. Qa4 Re8 18. Re2
b5 $5 {Black doesn't want to get into an unpleasant pin on the <->e and
defends actively.} (18... Qd6 19. Rhe1 a5 20. Ne5 $14 {[%cal Ra4b3,Re5c4] /
\Qb3,Nc4}) 19. Qa6 (19. Qc2 Nf5 20. Rxe8 Qxe8 21. Re1 Qd7 $11) (19. Qb3 Nf5 $11
{/\} (19... Ned5 20. Ne5 $14) 20. Ne5 $6 Qc7 {[%csl Rd4] ><d4}) 19... Qb6 {
Forcing off the Q releases most of the tension.} 20. Qxb6 axb6 21. Rhe1 Kf8 22.
Rc2 (22. Ne5 $6 Rad8) ({It was better to do nothing, e.g.} 22. Kf1 Rad8 23. h3
Nf5 24. Rxe8+ Rxe8 25. Rxe8+ Kxe8 26. Ke2 $11) 22... Rad8 23. Na2 Rd6 24. Rec1
(24. Nb4 $5 Nfd5 $11) 24... Nd7 $6 (24... Nfd5 $142 25. Ne5 Rc8 {/\f6=/+}) 25.
Ne5 $6 {Now Black gets the initiative due to the passive Na2.} ({Logical was} 
25. Nb4 Nb8 (25... c5 26. Na6 $1 (26. dxc5 $2 bxc5 $11) 26... cxd4 27. Nc7 Rc8
28. Nxb5 Rxc2 29. Rxc2 d3 30. Rd2 $16) 26. h4 $11 {/+/=}) 25... Rxd4 26. Nxc6
Nxc6 27. Rxc6 Rd2 $36 28. R1c2 Ree2 29. Rxd2 Rxd2 30. Nc3 (30. Rc7 Ne5 31. Nb4
Ng4 $17 {/\} 32. Rc2 $4 Ne3+ $19) 30... Rxb2 31. Nd5 Ne5 32. Rxb6 (32. Rc3 Rd2
33. Nxb6 Nd3 $15 {/-/+}) 32... Ng4 33. h3 $2 (33. Kg1 $1 Nxf2 (33... Rxf2 $2
34. Ne3 {loses material}) 34. a4 Nh3+ (34... Ng4 35. Rxb5 Ra2 36. a5 Nxh2 37.
Nb4 $132) 35. Kh1 Ng5 36. Rxb5 Rd2 37. Ne3 Nf3 38. Nf1 Rf2 39. Rb1 $15 {
and the o^a4 will divert Black's R from the second rank.}) 33... Nxf2 34. a4 $6
{A blunder, but White was probably lost anyway.} (34. Rb8+ Kg7 35. Nc7 Ne4+ 36.
Kf3 Nd6 (36... Ng5+ 37. Kf4 Nxh3+ 38. Ke5 $15 {/<=>}) 37. Rb6 Rb3+ {/\Nf5,Ne4-+
}) 34... Nd3+ 35. Kf3 bxa4 $19 {With 2 extra P the rest is a matter of
technique.} 36. Ra6 Rb3 (36... Nb4 37. Ra8+ Kg7 $19) 37. Ra8+ (37. Rxa4 Nc5+
$19) 37... Kg7 38. Nc7 a3 39. h4 a2 $1 40. Ke4 Nb4 (40... f5+ 41. Kd4 Nc1 42.
Ke5 Re3+ $19 (42... Rb1 $2 43. Ne8+ Kf7 44. Nd6+ Ke7 45. Ra7+ $11 Kd8 $4 46.
Ke6 $18)) 41. Ne8+ Kf8 42. Nf6+ Ke7 43. Nd5+ (43. Ke5 Nc6+ $19) 43... Nxd5 44.
Kxd5 Rxg3 45. Rxa2 Rg4 46. Rh2 h5 47. Ke5 f5 48. Rh1 Re4+ 49. Kd5 Kf6 50. Rh2
g5 (50... Ra4 51. Rh1 f4 {/\Kf5-+}) 51. hxg5+ Kxg5 {R_|_ with extra f and
h-pawns are drawish, but only if the K of the weaker side is not cut off.} 52.
Rg2+ Kf4 53. Rh2 Kg4 54. Rg2+ Kf3 55. Rg5 f4 56. Rxh5 Re1 57. Kd4 Kg4 58. Rh8
f3 59. Rf8 Kg3 60. Rg8+ Kh2 61. Rf8 Kg2 62. Rg8+ Kf1 63. Kd3 f2 64. Kd2 Re5 {
Black has reached the classical Lucena position.} (64... Re5 65. Rg7 Rd5+ 66.
Kc2 Ke2 67. Re7+ Kf3 68. Rf7+ Ke3 69. Re7+ (69. Kc3 Rd3+ 70. Kc2 Rd4 {[%cal
Rd4f4] /\Rf4}) 69... Kf4 70. Rf7+ Rf5 $19) 0-1